Manchester United 2016/17 First Team Picture Click Quiz Stats

Quiz not verified by Sporcle

Score 0/27 Timer 03:00
5 Plays Today
% Correct
Wayne Rooney
96.9%
Marouane Fellaini
96.4%
Zlatan Ibrahimovic
96.4%
Paul Pogba
96.1%
David de Gea
95.3%
Bastian Schweinsteiger
94.9%
Juan Mata
94.8%
Michael Carrick
94%
Ashley Young
93.1%
Daley Blind
92.8%
Henrikh Mkhitaryan
92.6%
Marcus Rashford
92.5%
Sergio Romero
91.9%
Anthony Martial
91.2%
% Correct
Luke Shaw
90.9%
Ander Herrera
90.7%
Marcos Rojo
90.2%
Phil Jones
89.3%
Chris Smalling
89.1%
Antonio Valencia
89.1%
Jesse Lingard
88.9%
Morgan Schneiderlin
88.2%
Memphis Depay
87.9%
Eric Bailly
87.6%
Sam Johnstone
87.2%
Timothy Fosu-Mensah
86.6%
Matteo Darmian
86.4%

You're not logged in!

Compare scores with friends on all Sporcle quizzes.
Join for Free
OR
Log In

You Might Also Like...

Show Comments

Extras

Top Quizzes Today


Score Distribution

Your Account Isn't Verified!

In order to create a playlist on Sporcle, you need to verify the email address you used during registration. Go to your Sporcle Settings to finish the process.

Report this User

Report this user for behavior that violates our Community Guidelines.

Details: